000 00741nam a2200217Ii 4500
003 JO-AjNU
008 230605s9999||||xx |||||||||||||| ||und||
040 _aJO-AjNU
_bara
_erda
_cJO-AjNU
041 _aara
050 1 4 _aBP134.N86.A2825 2005
100 3 _aبقلم أبو خضر، مأمون يوسف,
_eauthor
_911902
245 0 0 _aالرقم (3) والرقم(7) ومعادلة الحياة، ج4
250 _aط1
264 3 1 _aد.م: د.ن، 2005
300 _aج4، 156ص
336 _atext
_btxt
_2rdacontent
337 _aunmediated
_bn
_2rdamedia
338 _avolume
_bnc
_2rdacarrier
490 0 _aسلسلة الارقام العربية العشرة
650 4 _aالاسلام - الارقام العشر - اعجاز
_911903
999 _aA2563
_c6131
_d6131